|
|
|
|
| LEADER |
00000naa2a2200000 4500 |
| 001 |
625450 |
| 005 |
20240119150424.0 |
| 035 |
|
|
|a (RuTPU)RU\TPU\conf\24710
|
| 035 |
|
|
|a RU\TPU\conf\24707
|
| 090 |
|
|
|a 625450
|
| 100 |
|
|
|a 20171213d2017 k y0rusy50 ca
|
| 101 |
0 |
|
|a rus
|
| 102 |
|
|
|a RU
|
| 105 |
|
|
|a y z 101zy
|
| 135 |
|
|
|a drcn ---uucaa
|
| 181 |
|
0 |
|a i
|
| 182 |
|
0 |
|a b
|
| 200 |
1 |
|
|a Влияние углеродных нанотрубок на коэффициент поглощения электромагнитного излучения пеностекла
|f М. Р. Каймонов, К. В. Дорожкин
|g науч. рук. О. В. Казьмина
|
| 203 |
|
|
|a Текст
|c электронный
|
| 225 |
1 |
|
|a Химические технологии и биотехнологии
|
| 300 |
|
|
|a Заглавие с титульного экрана
|
| 320 |
|
|
|a [Библиогр.: с. 189 (3 назв.)]
|
| 463 |
|
1 |
|0 (RuTPU)RU\TPU\conf\24481
|t Высокие технологии в современной науке и технике (ВТСНТ-2017)
|o сборник научных трудов VI Международной научно-технической конференции молодых ученых, аспирантов и студентов, г. Томск, 27–29 ноября 2017 г.
|f Национальный исследовательский Томский политехнический университет (ТПУ) ; под ред. А. Н. Яковлева
|v [С. 188-189]
|d 2017
|
| 610 |
1 |
|
|a электронные ресурсы
|
| 610 |
1 |
|
|a труды учёных ТПУ
|
| 610 |
1 |
|
|a пеностекло
|
| 610 |
1 |
|
|a теплоизоляция
|
| 610 |
1 |
|
|a углеродсодержащие газы
|
| 610 |
1 |
|
|a электромагнитные излучения
|
| 610 |
1 |
|
|a углеродные нанотрубки
|
| 700 |
|
1 |
|a Каймонов
|b М. Р.
|
| 701 |
|
1 |
|a Дорожкин
|b К. В.
|
| 702 |
|
1 |
|a Казьмина
|b О. В.
|c химик-технолог
|c профессор Томского политехнического университета, доктор технических наук
|f 1967-
|g Ольга Викторовна
|4 727
|
| 712 |
0 |
2 |
|a Национальный исследовательский Томский политехнический университет (ТПУ)
|b Институт физики высоких технологий (ИФВТ)
|b Кафедра технологии силикатов и наноматериалов (ТСН)
|3 (RuTPU)RU\TPU\col\18694
|
| 801 |
|
2 |
|a RU
|b 63413507
|c 20171220
|g RCR
|
| 856 |
4 |
|
|u http://earchive.tpu.ru/handle/11683/45541
|
| 942 |
|
|
|c BK
|